| 000 -LEADER |
| fixed length control field |
02790cam a2200565 i 4500 |
| 001 - CONTROL NUMBER |
| control field |
19584918 |
| 003 - CONTROL NUMBER IDENTIFIER |
| control field |
NUST |
| 005 - DATE AND TIME OF LATEST TRANSACTION |
| control field |
20220825113220.0 |
| 008 - FIXED-LENGTH DATA ELEMENTS--GENERAL INFORMATION |
| fixed length control field |
170405s2016 nyu f 001 0 eng d |
| 010 ## - LIBRARY OF CONGRESS CONTROL NUMBER |
| LC control number |
2017301387 |
| 020 ## - INTERNATIONAL STANDARD BOOK NUMBER |
| International Standard Book Number |
9780062420909 |
| Qualifying information |
(pbk.) |
| 035 ## - SYSTEM CONTROL NUMBER |
| System control number |
(OCoLC)ocn928131544 |
| 038 ## - RECORD CONTENT LICENSOR |
| Staff Name |
Azhar |
| 040 ## - CATALOGING SOURCE |
| Original cataloging agency |
BTCTA |
| Language of cataloging |
eng |
| Transcribing agency |
BTCTA |
| Description conventions |
rda |
| Modifying agency |
OCLCQ |
| -- |
GK8 |
| -- |
OCLCF |
| -- |
JQW |
| -- |
BKL |
| -- |
BTCTA |
| -- |
IGA |
| -- |
DAD |
| -- |
DLC |
| 042 ## - AUTHENTICATION CODE |
| Authentication code |
lccopycat |
| 043 ## - GEOGRAPHIC AREA CODE |
| Geographic area code |
n-us--- |
| 050 00 - LIBRARY OF CONGRESS CALL NUMBER |
| Classification number |
LB2350.5 |
| Item number |
.G74 2016 |
| 082 04 - DEWEY DECIMAL CLASSIFICATION NUMBER |
| Classification number |
378.161 |
| Edition number |
23 |
| Author Mark |
GRE |
| 100 1# - MAIN ENTRY--PERSONAL NAME |
| Personal name |
Greene, Howard, |
| Dates associated with a name |
1937- |
| Relator term |
author. |
| 9 (RLIN) |
95959 |
| 245 14 - TITLE STATEMENT |
| Title |
The hidden ivies : |
| Remainder of title |
63 of America's top liberal arts colleges and universities |
| Statement of responsibility, etc. |
Howard R. Greene, M.A., M.Ed., and Matthew W. Greene, Ph.D. |
| 246 30 - VARYING FORM OF TITLE |
| Title proper/short title |
63 of America's top liberal arts colleges and universities |
| 246 3# - VARYING FORM OF TITLE |
| Title proper/short title |
Sixty-three of America's top liberal arts colleges and universities |
| 250 ## - EDITION STATEMENT |
| Edition statement |
Third edition. |
| 260 ## - PUBLICATION, DISTRIBUTION, ETC. |
| Place of publication, distribution, etc. |
New York, NY : |
| Name of publisher, distributor, etc. |
Collins Reference, |
| Date of publication, distribution, etc. |
2016 |
| 264 #4 - PRODUCTION, PUBLICATION, DISTRIBUTION, MANUFACTURE, AND COPYRIGHT NOTICE |
| Date of production, publication, distribution, manufacture, or copyright notice |
©2016 |
| 300 ## - PHYSICAL DESCRIPTION |
| Extent |
xii, 563 pages ; |
| Dimensions |
24 cm |
| 336 ## - CONTENT TYPE |
| Content type term |
text |
| Content type code |
txt |
| Source |
rdacontent |
| 337 ## - MEDIA TYPE |
| Media type term |
unmediated |
| Media type code |
n |
| Source |
rdamedia |
| 338 ## - CARRIER TYPE |
| Carrier type term |
volume |
| Carrier type code |
nc |
| Source |
rdacarrier |
| 490 1# - SERIES STATEMENT |
| Series statement |
Greenes' guides to educational planning |
| 500 ## - GENERAL NOTE |
| General note |
Includes index. |
| 500 ## - GENERAL NOTE |
| General note |
Earlier ed.: The hidden ivies : fifty top colleges from Amherst to Williams that rival the Ivy League, 2009. |
| 505 0# - FORMATTED CONTENTS NOTE |
| Formatted contents note |
The liberal arts: what is a liberal arts education and why is it important today? -- What makes an Ivy and Ivy? (and a hidden Ivy a hidden Ivy?) -- Individual college descriptions -- Understanding and successfully managing the selective college admissions process. |
| 650 #0 - SUBJECT ADDED ENTRY--TOPICAL TERM |
| Topical term or geographic name entry element |
College choice |
| Geographic subdivision |
United States |
| Form subdivision |
Handbooks, manuals, etc. |
| 9 (RLIN) |
95960 |
| 650 #0 - SUBJECT ADDED ENTRY--TOPICAL TERM |
| Topical term or geographic name entry element |
Universities and colleges |
| Geographic subdivision |
United States |
| General subdivision |
Entrance requirements |
| Form subdivision |
Handbooks, manuals, etc. |
| 9 (RLIN) |
95961 |
| 650 #0 - SUBJECT ADDED ENTRY--TOPICAL TERM |
| Topical term or geographic name entry element |
Universities and colleges |
| Geographic subdivision |
United States |
| General subdivision |
Admission |
| Form subdivision |
Handbooks, manuals, etc. |
| 9 (RLIN) |
95962 |
| 650 #7 - SUBJECT ADDED ENTRY--TOPICAL TERM |
| Topical term or geographic name entry element |
EDUCATION / Higher. |
| Source of heading or term |
bisacsh |
| 650 #7 - SUBJECT ADDED ENTRY--TOPICAL TERM |
| Topical term or geographic name entry element |
STUDY AIDS / College Guides. |
| Source of heading or term |
bisacsh |
| 9 (RLIN) |
95963 |
| 650 #7 - SUBJECT ADDED ENTRY--TOPICAL TERM |
| Topical term or geographic name entry element |
College choice. |
| Source of heading or term |
fast |
| Authority record control number or standard number |
(OCoLC)fst00867744 |
| 9 (RLIN) |
95964 |
| 650 #7 - SUBJECT ADDED ENTRY--TOPICAL TERM |
| Topical term or geographic name entry element |
Universities and colleges |
| General subdivision |
Admission. |
| Source of heading or term |
fast |
| Authority record control number or standard number |
(OCoLC)fst01161621 |
| 9 (RLIN) |
82380 |
| 650 #7 - SUBJECT ADDED ENTRY--TOPICAL TERM |
| Topical term or geographic name entry element |
Universities and colleges |
| General subdivision |
Entrance requirements. |
| Source of heading or term |
fast |
| Authority record control number or standard number |
(OCoLC)fst01161724 |
| 9 (RLIN) |
82381 |
| 651 #7 - SUBJECT ADDED ENTRY--GEOGRAPHIC NAME |
| Geographic name |
United States. |
| Source of heading or term |
fast |
| Authority record control number or standard number |
(OCoLC)fst01204155 |
| 655 #7 - INDEX TERM--GENRE/FORM |
| Genre/form data or focus term |
Handbooks and manuals. |
| Source of term |
fast |
| Authority record control number |
(OCoLC)fst01423877 |
| 9 (RLIN) |
280 |
| 655 #7 - INDEX TERM--GENRE/FORM |
| Genre/form data or focus term |
Handbooks and manuals. |
| Source of term |
lcgft |
| 9 (RLIN) |
280 |
| 700 1# - ADDED ENTRY--PERSONAL NAME |
| Personal name |
Greene, Matthew W., |
| Dates associated with a name |
1968- |
| Relator term |
author. |
| 9 (RLIN) |
95965 |
| 830 #0 - SERIES ADDED ENTRY--UNIFORM TITLE |
| Uniform title |
Greenes' guides to educational planning. |
| 9 (RLIN) |
95966 |
| 906 ## - LOCAL DATA ELEMENT F, LDF (RLIN) |
| a |
7 |
| b |
cbc |
| c |
copycat |
| d |
2 |
| e |
ncip |
| f |
20 |
| g |
y-gencatlg |
| 942 ## - ADDED ENTRY ELEMENTS (KOHA) |
| Source of classification or shelving scheme |
|
| Koha item type |
Lincoln Corner |